| 000 | 01013nam a22002417a 4500 | ||
|---|---|---|---|
| 999 |
_c63750 _d63750 |
||
| 005 | 20240530110657.0 | ||
| 008 | 171221s2015 ua ak g 000 0 ara d | ||
| 017 |
_a10372/2014 _bمصر. دار الكتب |
||
| 020 | _a4289105977978 | ||
| 040 |
_aEG-CaGPL _cEG-CaGPL |
||
| 082 | 0 | 4 |
_221 _a371.26013 / _bم ت |
| 100 | 0 | _aمجدى عبدالوهاب قاسم | |
| 245 | 1 | 2 |
_aالتقويم مدخل لجودة خريج مؤسسات التعليم قبل الجامعى : _bممارسات تطبيقية متميزة / _cمجدى عبدالوهاب قاسم ، احلام الباز حسن |
| 260 |
_aالقاهرة : _bمكتبة الانجلو المصرية ، _c2015. |
||
| 300 |
_a445 ص. : _bايض ؛ _c24 سم. |
||
| 650 | 0 | 7 |
_2qrmak _aالتخطيط التربوى |
| 650 | 0 | 7 |
_2qrmak _aالسياسة التعليمية |
| 650 | 0 | 7 |
_2qrmak _aالتوجية التربوى |
| 650 | 0 | 7 |
_2qrmak _aالتقويم |
| 651 | _2qrmak | ||
| 942 |
_2ddc _cBK |
||